[Event "Kazakhstan Chess Cup 2023"]
[Site "Astana KAZ"]
[Date "2023.04.23"]
[Round "1.2"]
[White "Shevchenko, Alexandr"]
[Black "Nabaty, Tamir"]
[Result "0-1"]
[BlackTitle "GM"]
[WhiteElo "1671"]
[BlackElo "2645"]
[WhiteFideId "13756478"]
[BlackFideId "2809052"]
[EventDate "2023.04.23"]

1. e4 c5 2. Nf3 e6 3. d4 cxd4 4. Nxd4 Nc6 5. Nc3 Qc7 6. g3 a6 7. Bg2 d6 8. O-O
Bd7 9. Be3 Nf6 10. h3 Be7 11. f4 O-O 12. Kh2 Rac8 13. f5 Ne5 14. Rf2 b5 15. a3
Nc4 16. Bc1 Qb6 17. Re2 a5 18. b3 Nxa3 19. Bxa3 Rxc3 20. e5 Ne8 21. Bb2 Rc5 22.
fxe6 fxe6 23. Nf3 Bc6 24. Nd4 Bxg2 25. Kxg2 dxe5 26. Nf3 Qc6 27. Qd3 Bf6 28. Rb1
e4 29. Rxe4 Bxb2 30. Rxb2 Rc3 31. Nd4 Qc7 0-1

[Event "Kazakhstan Chess Cup 2023"]
[Site "Astana KAZ"]
[Date "2023.04.23"]
[Round "1.3"]
[White "Sethuraman, S.P."]
[Black "Zharokov, Biket"]
[Result "1-0"]
[WhiteTitle "GM"]
[WhiteElo "2639"]
[BlackElo "1665"]
[WhiteFideId "5021596"]
[BlackFideId "13706667"]
[EventDate "2023.04.23"]

1. e4 c5 2. Nf3 e6 3. d4 cxd4 4. Nxd4 Nc6 5. Nc3 a6 6. Be3 Qc7 7. g4 b5 8. Nxc6
dxc6 9. Qf3 Bb7 10. O-O-O c5 11. g5 Be7 12. h4 h6 13. Bh3 hxg5 14. hxg5 b4 15.
Bxe6 Nh6 16. gxh6 Bf6 17. hxg7 Qe5 18. Rxh8+ 1-0

[Event "Kazakhstan Chess Cup 2023"]
[Site "Astana KAZ"]
[Date "2023.04.23"]
[Round "1.4"]
[White "Zhumabekov, Shakhmardan"]
[Black "Rakhmanov, Aleksandr"]
[Result "0-1"]
[BlackTitle "GM"]
[WhiteElo "1661"]
[BlackElo "2632"]
[WhiteFideId "13718665"]
[BlackFideId "4173708"]
[EventDate "2023.04.23"]

1. e4 d5 2. exd5 Qxd5 3. Nc3 Qd6 4. d4 Nf6 5. Nf3 g6 6. g3 Bg7 7. Bf4 Qb6 8. Ne5
Be6 9. Qd2 Nd5 10. O-O-O Nxc3 11. Qxc3 O-O 12. d5 Bf5 13. f3 c6 14. g4 Bc8 15.
Bc4 cxd5 16. Bxd5 Na6 17. Qa3 Nb4 18. Be3 Nxc2 19. Kxc2 Qc7+ 20. Nc4 Be6 21. Qa5
b6 22. Qa6 Rac8 23. b3 Bd7 24. Qb7 b5 25. Qxc7 Rxc7 26. Kb1 bxc4 27. Bxc4 Bc6
28. Rhf1 Be5 29. f4 Bd6 30. h4 Rb8 31. Bd5 Bb5 32. Rg1 Ba3 33. f5 Rd7 34. h5
Rbd8 35. Bf3 a6 36. hxg6 hxg6 37. fxg6 Bd3+ 38. Ka1 Bxg6 39. Rxd7 Rxd7 40. Rd1
Rc7 41. Bd4 Rc2 42. g5 Bd3 43. Bb7 Kh7 44. b4 Kg6 45. Bd5 Rc1+ 46. Rxc1 Bxc1 47.
a4 Bd2 48. Bc5 e6 49. Bc6 Kxg5 50. b5 axb5 51. axb5 f5 52. b6 Bf4 53. Be7+ Kg4
54. Bd7 e5 55. Bd6 Ba6 56. Bb5 Bb7 57. Be2+ Kg3 0-1

[Event "Kazakhstan Chess Cup 2023"]
[Site "Astana KAZ"]
[Date "2023.04.23"]
[Round "1.6"]
[White "Altynbek, Aiaru"]
[Black "Ter-Sahakyan, Samvel"]
[Result "0-1"]
[BlackTitle "GM"]
[WhiteElo "1639"]
[BlackElo "2613"]
[WhiteFideId "13752472"]
[BlackFideId "13302531"]
[EventDate "2023.04.23"]

1. d4 Nf6 2. c4 g6 3. Nc3 Bg7 4. e4 O-O 5. f3 c5 6. Nge2 Nc6 7. Be3 d6 8. d5 Ne5
9. Ng3 e6 10. Be2 exd5 11. cxd5 a6 12. a4 Nh5 13. Nxh5 gxh5 14. Qd2 f5 15. O-O
fxe4 16. Nxe4 Bf5 17. Ng3 Qe8 18. Bh6 Bxh6 19. Qxh6 Bg6 20. Ne4 Bxe4 21. fxe4
Qg6 22. Qe3 h4 23. Rae1 Rae8 24. Kh1 Kg7 25. a5 Qh6 26. Qb3 Re7 27. Rxf8 Kxf8
28. Qb6 Kg7 29. Rf1 Rd7 30. Qb3 Qd2 31. Bd1 Rf7 32. Rxf7+ Kxf7 33. Bh5+ Kf6 34.
h3 Kg5 35. Bg4 Kf4 36. Kh2 Qb4 37. Qc2 Qxe4 38. Qc1+ Qe3 39. Qf1+ Ke4 40. Bf5+
Kd4 41. Qd1+ Nd3 42. Qa4+ c4 43. Qd7 Qg3+ 44. Kg1 Nf4 45. Be4 Qe1+ 46. Kh2 Qxe4
47. Qg7+ Kd3 48. Qc3+ Ke2 0-1

[Event "Kazakhstan Chess Cup 2023"]
[Site "Astana KAZ"]
[Date "2023.04.23"]
[Round "1.7"]
[White "Kovalev, Vladislav"]
[Black "Zhakan, Erasyl"]
[Result "1-0"]
[WhiteTitle "GM"]
[WhiteElo "2612"]
[BlackElo "1627"]
[WhiteFideId "13504398"]
[BlackFideId "13722271"]
[EventDate "2023.04.23"]

1. e4 c5 2. Ne2 e6 3. g3 Nc6 4. Bg2 Nf6 5. O-O Be7 6. d4 cxd4 7. Nxd4 a6 8. Nxc6
bxc6 9. e5 Nd5 10. c4 Nb6 11. Qg4 g6 12. Bh6 Na4 13. b3 f5 14. Qe2 Nb6 15. Nd2
Bb7 16. Qe3 Kf7 17. Nf3 Re8 18. Bg5 Kg8 19. Bxe7 Rxe7 20. Rad1 Qc7 21. Ne1 Nc8
22. Nd3 d5 23. exd6 Nxd6 24. Rfe1 Rae8 25. Qc5 Nf7 26. Ne5 Nxe5 27. Rxe5 Rd8 28.
Rde1 Kf7 29. Qe3 Qd7 30. Qh6 Kg8 31. Qg5 Kf7 32. Qh6 Kg8 33. Qh4 c5 34. Bxb7
Qxb7 35. Rxe6 Red7 36. Qf6 Rd1 37. Re7 Rxe1+ 38. Rxe1 Rf8 39. Qe6+ Rf7 40. Rd1
Kg7 41. Qe5+ Kh6 42. Qxc5 f4 43. Re1 Qd7 44. Qd5 Qc7 45. g4 f3 46. Qd2+ Kg7 47.
Qd4+ Kh6 48. Qe3+ Rf4 49. h3 Kg5 50. Qe5+ Qxe5 51. Rxe5+ Kh4 52. Kh2 Rd4 53. Re7
h6 54. Re3 Rd2 55. Rxf3 Rxa2 56. Kg2 1-0

[Event "Kazakhstan Chess Cup 2023"]
[Site "Astana KAZ"]
[Date "2023.04.23"]
[Round "1.8"]
[White "Zhunusov, Nurlan"]
[Black "Lysyj, Igor"]
[Result "0-1"]
[BlackTitle "GM"]
[WhiteElo "1591"]
[BlackElo "2606"]
[WhiteFideId "13708872"]
[BlackFideId "4150120"]
[EventDate "2023.04.23"]

1. e4 e5 2. Nf3 Nc6 3. Nc3 Nf6 4. Bb5 Bb4 5. O-O O-O 6. d3 Bxc3 7. Bxc6 bxc6 8.
bxc3 d6 9. Bg5 h6 10. Bh4 Qe7 11. Qe2 Qe6 12. Nd2 Ba6 13. c4 Nd7 14. Bg3 d5 15.
f4 dxc4 16. Nxc4 exf4 17. Bxf4 Bxc4 18. dxc4 Rfe8 19. Bxc7 Qxe4 20. Qxe4 Rxe4
21. Rf4 Rae8 22. Rd1 Rxf4 23. Bxf4 Nb6 24. Rd6 Re1+ 25. Kf2 Re4 26. Be3 Rxc4 27.
Rd2 Ra4 28. Rd6 Rc4 29. Rd2 Kf8 30. Re2 f6 31. Ke1 Kf7 32. Kd1 Nd5 33. Bd2 Ra4 0-1

[Event "Kazakhstan Chess Cup 2023"]
[Site "Astana KAZ"]
[Date "2023.04.23"]
[Round "1.9"]
[White "Gareyev, Timur"]
[Black "Lutsik, Stepan"]
[Result "1-0"]
[WhiteTitle "GM"]
[WhiteElo "2602"]
[BlackElo "1580"]
[WhiteFideId "14200937"]
[BlackFideId "13725700"]
[EventDate "2023.04.23"]

1. d4 Nf6 2. Nf3 d5 3. c4 e6 4. Nc3 Bb4 5. Bg5 h6 6. Bd2 O-O 7. g4 Bxc3 8. bxc3
Ne4 9. g5 hxg5 10. Rg1 f6 11. h4 g4 12. Rxg4 e5 13. Rg1 Nc6 14. h5 dxc4 15. e3
Nd6 16. Nh4 exd4 17. cxd4 Be6 18. Ng6 Re8 19. h6 Nf5 20. hxg7 Nxg7 21. Nf4 Nxd4
22. Bc3 c5 23. Nxe6 Nxe6 24. Bxc4 Qe7 25. Qf3 Rf8 26. Rxg7+ Kxg7 27. Qg4+ Kf7
28. Qh5+ Kg7 29. O-O-O Rg8 30. Rg1+ Kf8 31. Qh6+ 1-0

[Event "Kazakhstan Chess Cup 2023"]
[Site "Astana KAZ"]
[Date "2023.04.23"]
[Round "1.10"]
[White "Kaliakhmet, Elsultan"]
[Black "Vokhidov, Shamsiddin"]
[Result "0-1"]
[BlackTitle "GM"]
[WhiteElo "1575"]
[BlackElo "2601"]
[WhiteFideId "13740598"]
[BlackFideId "14204223"]
[EventDate "2023.04.23"]

1. e4 c5 2. Nf3 Nc6 3. d4 cxd4 4. Nxd4 Nf6 5. Nc3 d6 6. f3 e5 7. Nb3 Be7 8. Bc4
a5 9. a4 O-O 10. O-O Nb4 11. Nb5 d5 12. exd5 Nbxd5 13. Qe2 Be6 14. Qxe5 Rc8 15.
Bd3 Nb4 16. N3d4 Nxd3 17. cxd3 Bd7 18. Nd6 Bxd6 19. Qxd6 Bc6 20. Qxd8 Rfxd8 21.
Nxc6 Rxc6 22. Bg5 Rxd3 23. Rad1 Rcd6 24. Rxd3 Rxd3 25. Bxf6 gxf6 26. Rc1 b6 27.
Rc6 Rb3 28. Rxf6 Rxb2 29. h4 h5 30. Kh2 Kg7 31. Rc6 Rb4 32. Kh3 f5 33. g3 Kf7
34. Rh6 Ke7 35. Rxh5 Rxa4 36. Rxf5 Rc4 37. h5 Rc5 38. Rf4 Rxh5+ 39. Kg4 Re5 40.
Kh4 b5 41. g4 b4 42. g5 b3 43. g6 Rb5 44. g7 Rb8 45. Re4+ Kf7 46. Re1 b2 47. Rb1
a4 0-1

[Event "Kazakhstan Chess Cup 2023"]
[Site "Astana KAZ"]
[Date "2023.04.23"]
[Round "1.11"]
[White "Moiseenko, Alexander"]
[Black "Tanikeyev, Beknur"]
[Result "1-0"]
[WhiteTitle "GM"]
[WhiteElo "2573"]
[BlackElo "1570"]
[WhiteFideId "14102560"]
[BlackFideId "13720260"]
[EventDate "2023.04.23"]

1. d4 Nf6 2. c4 d5 3. cxd5 Qxd5 4. Nc3 Qa5 5. Bd2 c6 6. Nf3 g6 7. e4 Bg7 8. Bc4
O-O 9. e5 Ne8 10. O-O Bg4 11. h3 Bxf3 12. Qxf3 Qb6 13. Qd3 e6 14. Bg5 Qc7 15.
Qe3 a6 16. f4 Nd7 17. Bb3 Nb6 18. g4 a5 19. f5 exf5 20. gxf5 a4 21. Nxa4 Nxa4
22. f6 Nxf6 23. Bxf6 c5 24. Rac1 cxd4 25. Qxd4 Qa5 26. Bxg7 Kxg7 27. e6+ Kh6 28.
Qh4+ Qh5 29. Qxh5+ Kxh5 30. Rxf7 Rxf7 31. exf7 1-0

[Event "Kazakhstan Chess Cup 2023"]
[Site "Astana KAZ"]
[Date "2023.04.23"]
[Round "1.12"]
[White "Davies, Andrew William"]
[Black "Daneshvar, Bardiya"]
[Result "0-1"]
[BlackTitle "IM"]
[WhiteElo "1541"]
[BlackElo "2540"]
[WhiteFideId "3229297"]
[BlackFideId "12576468"]
[EventDate "2023.04.23"]

1. d4 Nf6 2. Nf3 g6 3. c4 Bg7 4. Nc3 O-O 5. Bg5 c5 6. e3 cxd4 7. exd4 h6 8. Bh4
d6 9. Be2 Bf5 10. O-O e6 11. Qb3 Qd7 12. Rfd1 Ne4 13. Nxe4 Bxe4 14. Rac1 Nc6 15.
Qe3 Bf5 16. c5 dxc5 17. dxc5 Qc8 18. Qb3 e5 19. Rd6 e4 20. Ne1 Be6 21. Qa4 Bxb2
22. Rb1 Bg7 23. Bc4 Bf5 24. Nc2 Ne5 25. Qb4 e3 26. Rc1 a5 27. Qb3 Qxc5 28. Rd4
Bxc2 29. Rxc2 Qxd4 0-1

[Event "Kazakhstan Chess Cup 2023"]
[Site "Astana KAZ"]
[Date "2023.04.23"]
[Round "1.13"]
[White "Sivuk, Vitaly"]
[Black "Serikkazy, Nuraly"]
[Result "1-0"]
[WhiteTitle "GM"]
[WhiteElo "2533"]
[BlackElo "1535"]
[WhiteFideId "14116502"]
[BlackFideId "13745344"]
[EventDate "2023.04.23"]

1. d4 Nf6 2. c4 g6 3. Nc3 Bg7 4. e4 d6 5. Nf3 O-O 6. Be2 e5 7. d5 Nh5 8. g3 f5
9. exf5 Bxf5 10. Ng5 Nf6 11. g4 Bc8 12. h4 Qe7 13. Nge4 Nbd7 14. h5 gxh5 15.
gxh5 Nxe4 16. Nxe4 Nf6 17. Bg5 Qf7 18. Bxf6 Bxf6 19. Bg4 Bxg4 20. Qxg4+ Kh8 21.
Ke2 b5 22. b3 Rab8 23. Rac1 a5 24. c5 Be7 25. cxd6 Bxd6 26. Rhg1 Rg8 27. Ng5 Qe7
28. Qh4 e4 29. Rg4 Qg7 30. Rcg1 Qf6 31. Kf1 Be7 32. Qg3 Rxg5 33. Rxg5 Qxg5 34.
Qxg5 Bxg5 35. Rxg5 Re8 36. Ke2 h6 37. Rg6 Re5 38. Rxh6+ Kg7 39. Rc6 Rxd5 40.
Rxc7+ Kh6 41. Ra7 b4 42. Ke3 Rxh5 43. Kxe4 Kg6 44. f4 Kf6 45. Ra6+ Ke7 46. f5
Rh4+ 47. Ke5 Rh1 48. Ra7+ Kf8 49. Rxa5 1-0

[Event "Kazakhstan Chess Cup 2023"]
[Site "Astana KAZ"]
[Date "2023.04.23"]
[Round "1.14"]
[White "Nikitenko, Mihail"]
[Black "Khassenov, Mansur"]
[Result "1-0"]
[WhiteTitle "GM"]
[WhiteElo "2522"]
[BlackElo "1524"]
[WhiteFideId "13506862"]
[BlackFideId "13768700"]
[EventDate "2023.04.23"]

1. e4 c5 2. Nf3 Nc6 3. d4 cxd4 4. Nxd4 g6 5. Nc3 Bg7 6. Be3 Nf6 7. Bc4 O-O 8.
Bb3 d6 9. f3 Bd7 10. Qd2 Nxd4 11. Bxd4 b5 12. h4 a5 13. h5 a4 14. Bd5 b4 15. Ne2
e5 16. Be3 Be6 17. Bxa8 Qxa8 18. hxg6 fxg6 19. Qxd6 Bc4 20. Qxb4 Bxe2 21. Kxe2
Qa6+ 22. c4 Rc8 23. b3 1-0

[Event "Kazakhstan Chess Cup 2023"]
[Site "Astana KAZ"]
[Date "2023.04.23"]
[Round "1.15"]
[White "Khatibi Mohammad Qais"]
[Black "Goganov, Aleksey"]
[Result "0-1"]
[BlackTitle "GM"]
[WhiteElo "1532"]
[BlackElo "2525"]
[WhiteFideId "11702630"]
[BlackFideId "24109959"]
[EventDate "2023.04.23"]

1. e4 c5 2. Nf3 d6 3. d4 cxd4 4. Nxd4 Nf6 5. Nc3 a6 6. Be3 e5 7. Nb3 Be6 8. f3
h5 9. Qd2 Nbd7 10. Be2 Rc8 11. Nd5 Bxd5 12. exd5 Nb6 13. Bxb6 Qxb6 14. O-O-O g6
15. Kb1 Bh6 16. Qa5 Be3 17. Qxb6 Bxb6 18. Nd2 Ke7 19. Ne4 Nd7 20. Rhe1 h4 21. b3
f5 22. Ng5 Ba5 23. Rf1 Bc3 24. Rd3 b5 25. a3 a5 26. Rfd1 b4 27. a4 Nc5 28. Re3
f4 29. Re4 Kf6 30. Ne6 Nxe4 31. fxe4 h3 32. Bg4 hxg2 33. h3 Rh4 34. Rg1 Rxg4 35.
hxg4 Rh8 36. g5+ Ke7 0-1

[Event "Kazakhstan Chess Cup 2023"]
[Site "Astana KAZ"]
[Date "2023.04.24"]
[Round "2.1"]
[White "Abdilkhair, Abilmansur"]
[Black "Niemann, Hans Moke"]
[Result "0-1"]
[WhiteTitle "FM"]
[BlackTitle "GM"]
[WhiteElo "2268"]
[BlackElo "2706"]
[WhiteFideId "13716417"]
[BlackFideId "2093596"]
[EventDate "2023.04.23"]

1. e4 c5 2. Nf3 d6 3. d4 cxd4 4. Nxd4 Nf6 5. Nc3 Nc6 6. Bg5 e6 7. Qd2 a6 8.
O-O-O Bd7 9. f4 Be7 10. Nf3 b5 11. Bxf6 gxf6 12. Kb1 b4 13. Ne2 h5 14. f5 e5 15.
Nc1 Qb6 16. Bc4 Rc8 17. Nb3 Nd4 18. Qd3 Nb5 19. Qe2 a5 20. Rd5 Rb8 21. Rhd1 Bc6
22. Bxb5 Bxb5 23. Qe1 a4 24. Nbd2 a3 25. bxa3 bxa3 26. Ka1 Qc6 27. Qe3 O-O 28.
Ne1 Rfc8 29. Rb1 Ba6 30. Rb3 Bf8 31. Rxa3 Bc4 32. Nxc4 Qxc4 33. Rdd3 d5 34. Rac3
Qb4 35. Rb3 Qxe4 36. Qxe4 dxe4 37. Rg3+ Kh7 38. Rge3 Kh6 39. h4 Ra8 40. Rxe4 Ra6
41. c3 Rca8 42. Rb2 Ba3 43. Rb3 Bc5 44. Rb2 Ba3 45. Rb3 Rd8 46. Nc2 Bc1 47. g3
Kg7 48. Re1 Bh6 49. Nb4 Raa8 50. Re2 Kh7 51. Kb2 Rd1 52. c4 Rc8 53. Rc2 Bf8 54.
Nd5 Kg7 55. a4 Bc5 56. a5 Bd4+ 57. Ka3 Ra1+ 58. Ra2 Rxa2+ 59. Kxa2 Rxc4 60. a6
Rc1 61. Ra3 Ba7 62. Nc3 Bc5 63. Na4 Bxa3 64. a7 Rc8 65. Nb6 Rd8 66. Kxa3 e4 0-1

[Event "Kazakhstan Chess Cup 2023"]
[Site "Astana KAZ"]
[Date "2023.04.24"]
[Round "2.2"]
[White "Nabaty, Tamir"]
[Black "Khusenkhojaev, Mustafokhuja"]
[Result "1-0"]
[WhiteTitle "GM"]
[BlackTitle "FM"]
[WhiteElo "2645"]
[BlackElo "2279"]
[WhiteFideId "2809052"]
[BlackFideId "14700727"]
[EventDate "2023.04.23"]

1. c4 e5 2. Nc3 Nf6 3. g3 d5 4. cxd5 Nxd5 5. Bg2 Nxc3 6. bxc3 Nc6 7. d3 Bc5 8.
Nf3 O-O 9. O-O Rb8 10. Bb2 Qe7 11. d4 Rd8 12. e3 Bg4 13. Qc2 Bd6 14. Rfe1 e4 15.
Nd2 f5 16. f3 exf3 17. Nxf3 Kh8 18. Nh4 Rf8 19. e4 f4 20. e5 f3 21. exd6 Qd7 22.
h3 f2+ 23. Kh2 fxe1=Q 24. Rxe1 Bf5 25. Nxf5 Rxf5 26. dxc7 Rbf8 27. Ba3 Rf2 28.
Qe4 Rg8 29. d5 Rxa2 30. Qe6 Qxc7 31. Bd6 Qb6 32. dxc6 Rc2 33. Rf1 h6 34. Qg6
Rxg2+ 35. Kxg2 Qxc6+ 36. Kh2 Rd8 37. Rf7 Qxc3 38. h4 Qb2+ 39. Kh3 Qa1 40. Qe4
Qc1 41. Be5 Qc8+ 42. Qg4 1-0

[Event "Kazakhstan Chess Cup 2023"]
[Site "Astana KAZ"]
[Date "2023.04.24"]
[Round "2.3"]
[White "Temirov, Bakhyt"]
[Black "Sethuraman, S.P."]
[Result "0-1"]
[WhiteTitle "FM"]
[BlackTitle "GM"]
[WhiteElo "2211"]
[BlackElo "2639"]
[WhiteFideId "13704745"]
[BlackFideId "5021596"]
[EventDate "2023.04.23"]

1. Nf3 d5 2. d3 Nc6 3. g3 e5 4. Bg2 f6 5. c3 Be6 6. O-O Qd7 7. b4 Bh3 8. e4 Bxg2
9. Kxg2 h5 10. exd5 Qxd5 11. c4 Qd7 12. b5 Nd4 13. Nxd4 Qxd4 14. Be3 Qd7 15. d4
exd4 16. Qxd4 Qxd4 17. Bxd4 O-O-O 18. Be3 Ne7 19. Nc3 Nf5 20. Rad1 Nxe3+ 21.
fxe3 Re8 22. Rd3 Bd6 23. Kf3 h4 24. Ne4 Be5 25. Rfd1 Rh6 26. c5 hxg3 27. hxg3 f5
28. Nf2 Rg6 29. Rg1 b6 30. Rd5 Rge6 31. e4 Rf8 32. exf5 Rxf5+ 33. Kg2 bxc5 34.
Nd3 c4 35. Nf4 Ref6 36. Rgd1 Bxf4 0-1

[Event "Kazakhstan Chess Cup 2023"]
[Site "Astana KAZ"]
[Date "2023.04.24"]
[Round "2.4"]
[White "Rakhmanov, Aleksandr"]
[Black "Nurmanova, Alua"]
[Result "1-0"]
[WhiteTitle "GM"]
[BlackTitle "WIM"]
[WhiteElo "2632"]
[BlackElo "2224"]
[WhiteFideId "4173708"]
[BlackFideId "13729390"]
[EventDate "2023.04.23"]

1. Nf3 Nf6 2. g3 g6 3. b3 Bg7 4. Bb2 O-O 5. Bg2 d6 6. d4 Nc6 7. O-O e5 8. dxe5
Ng4 9. Qd2 Ngxe5 10. c4 Bg4 11. Nxe5 Nxe5 12. Bd4 Re8 13. Nc3 c5 14. Be3 Nc6 15.
Rfe1 Qa5 16. Rac1 Nd4 17. Kf1 Rab8 18. h3 Bf5 19. Bh6 Bh8 20. g4 Bd7 21. e3 Nc6
22. Red1 Be6 23. Ne4 Nb4 24. Qxd6 Nxa2 25. Qf4 Be5 26. Nf6+ Kh8 27. Bg7+ Kxg7
28. Nxe8+ Rxe8 29. Qxe5+ Kg8 30. Qa1 Qa3 31. Rb1 Qa6 32. Rd2 Nb4 33. Qxa6 bxa6
34. Rbd1 Kg7 35. Rd8 Re7 36. Bd5 1-0

[Event "Kazakhstan Chess Cup 2023"]
[Site "Astana KAZ"]
[Date "2023.04.24"]
[Round "2.5"]
[White "Sargsyan, Shant"]
[Black "Arestanov, Timur"]
[Result "1-0"]
[WhiteTitle "GM"]
[BlackTitle "FM"]
[WhiteElo "2630"]
[BlackElo "2183"]
[WhiteFideId "13306766"]
[BlackFideId "13701304"]
[EventDate "2023.04.23"]

1. d4 d5 2. c4 dxc4 3. Nf3 Nf6 4. e3 e6 5. Bxc4 a6 6. O-O b5 7. Be2 Bb7 8. a4 b4
9. Nbd2 Nbd7 10. Nc4 c5 11. a5 Rc8 12. Nfe5 Be7 13. Bf3 Bxf3 14. Qxf3 cxd4 15.
Nc6 Qc7 16. Nxe7 Kxe7 17. b3 d3 18. Bd2 Nd5 19. e4 Nc3 20. Bxc3 bxc3 21. Qxd3
Nc5 22. Qxc3 Nxb3 23. Ra4 Nc5 24. Rb4 Nxe4 25. Qa3 Qc5 26. Rb7+ Kf6 27. Qa1+ e5
28. Rb6+ Kf5 29. Ne3+ Kg5 30. f4+ 1-0

[Event "Kazakhstan Chess Cup 2023"]
[Site "Astana KAZ"]
[Date "2023.04.24"]
[Round "2.6"]
[White "Ter-Sahakyan, Samvel"]
[Black "Zhukenov, Aituar"]
[Result "1-0"]
[WhiteTitle "GM"]
[WhiteElo "2613"]
[BlackElo "2178"]
[WhiteFideId "13302531"]
[BlackFideId "13719513"]
[EventDate "2023.04.23"]

1. e4 c5 2. Nf3 Nc6 3. Bb5 e6 4. O-O Nge7 5. d4 cxd4 6. Nxd4 Ng6 7. Be3 Be7 8.
c3 O-O 9. Nd2 Qc7 10. f4 b6 11. Qh5 Bb7 12. Bd3 e5 13. fxe5 Ncxe5 14. Bc2 d5 15.
exd5 Bxd5 16. Bf4 Bd6 17. Bg3 Qb7 18. Rae1 Rfe8 19. Ne4 Bc5 20. Bxe5 Rxe5 21.
Nxc5 Rxh5 22. Nxb7 Bxb7 23. Nf5 Bd5 24. Bd1 Rg5 25. g4 Be6 26. h4 Nxh4 27. Nxh4
h5 28. Nf5 g6 29. Nh6+ Kg7 30. Nxf7 Bxf7 31. Re7 Rf8 32. Bb3 Rxg4+ 33. Kh2 Rh4+
34. Kg3 Rg4+ 35. Kh3 1-0

[Event "Kazakhstan Chess Cup 2023"]
[Site "Astana KAZ"]
[Date "2023.04.24"]
[Round "2.7"]
[White "Mazhkenov, Alisher"]
[Black "Kovalev, Vladislav"]
[Result "0-1"]
[BlackTitle "GM"]
[WhiteElo "2141"]
[BlackElo "2612"]
[WhiteFideId "13718983"]
[BlackFideId "13504398"]
[EventDate "2023.04.23"]

1. Nf3 Nf6 2. c4 e6 3. e3 b6 4. b3 Bb7 5. Bb2 d5 6. g3 dxc4 7. bxc4 c5 8. Bg2
Be7 9. O-O O-O 10. d3 Nc6 11. Qe2 Qc7 12. Nc3 a6 13. Ne1 Rab8 14. f4 Na5 15. a4
Bxg2 16. Nxg2 Rfd8 17. g4 Nc6 18. g5 Ne8 19. f5 exf5 20. Rxf5 Qd7 21. Rd5 Bd6
22. Rf1 Ne7 23. Qh5 Nxd5 24. Nxd5 Qe6 25. Nh4 g6 26. Qf3 b5 27. Qg2 bxc4 28.
dxc4 Rb3 29. Ba1 Rdb8 30. Qc2 Qg4+ 31. Ng2 Qxg5 32. Qf2 R8b7 33. Qc2 Qg4 34. Kh1
Qh3 35. Ndf4 Bxf4 36. exf4 Qd3 0-1

[Event "Kazakhstan Chess Cup 2023"]
[Site "Astana KAZ"]
[Date "2023.04.24"]
[Round "2.8"]
[White "Lysyj, Igor"]
[Black "Amangeldy, Ernur"]
[Result "1-0"]
[WhiteTitle "GM"]
[WhiteElo "2606"]
[BlackElo "2135"]
[WhiteFideId "4150120"]
[BlackFideId "13720244"]
[EventDate "2023.04.23"]

1. d4 Nf6 2. c4 e6 3. Nf3 d5 4. g3 Bb4+ 5. Bd2 a5 6. a3 Be7 7. Bg2 O-O 8. Qc2 c6
9. O-O Nbd7 10. Bf4 a4 11. h4 Nh5 12. Bg5 f6 13. Bd2 f5 14. Bb4 Ndf6 15. e3 Ne4
16. Nc3 Nxc3 17. bxc3 Bxb4 18. cxb4 Nf6 19. Ne5 Nd7 20. Nd3 Nf6 21. c5 Ng4 22.
Bf3 h5 23. Bxg4 hxg4 24. Ne5 Bd7 25. f3 gxf3 26. Rxf3 Be8 27. Raf1 Qe7 28. g4
Qxh4 29. Qh2 Qxh2+ 30. Kxh2 g6 31. g5 Kg7 32. Rh3 Bf7 33. Kg3 Rh8 34. Rfh1 Rh5
35. Rxh5 gxh5 36. Nxf7 Kxf7 37. Rxh5 Kg6 38. Kh4 Re8 39. Rh6+ Kg7 40. Kh5 e5 41.
g6 f4 42. exf4 exf4 43. Rh7+ Kg8 44. Kg4 Re3 45. Kxf4 Rxa3 46. Rxb7 Rb3 47. b5 1-0

[Event "Kazakhstan Chess Cup 2023"]
[Site "Astana KAZ"]
[Date "2023.04.24"]
[Round "2.9"]
[White "Kuziev, Miraziz"]
[Black "Gareyev, Timur"]
[Result "0-1"]
[BlackTitle "GM"]
[WhiteElo "2116"]
[BlackElo "2602"]
[WhiteFideId "14215772"]
[BlackFideId "14200937"]
[EventDate "2023.04.23"]

1. d4 e6 2. c4 c5 3. d5 exd5 4. cxd5 d6 5. Nc3 g6 6. e4 Bg7 7. f4 Ne7 8. Nf3 O-O
9. Be2 Bg4 10. O-O Nd7 11. Be3 a6 12. a4 Re8 13. h3 Bxf3 14. Bxf3 Nf5 15. Bf2
Nd4 16. Kh1 Qb6 17. Rb1 Qb3 18. Bxd4 Qxd1 19. Rfxd1 cxd4 20. Ne2 Nc5 21. e5 dxe5
22. fxe5 Rxe5 23. Nxd4 Rd8 24. Rbc1 Nxa4 25. b3 Nb2 26. Rf1 Re3 27. Ne2 Nd3 28.
Rc7 Ne5 29. Nd4 Rd3 30. Ne2 Nxf3 31. gxf3 Rxb3 0-1

[Event "Kazakhstan Chess Cup 2023"]
[Site "Astana KAZ"]
[Date "2023.04.24"]
[Round "2.10"]
[White "Vokhidov, Shamsiddin"]
[Black "Dushatov, Timur"]
[Result "1-0"]
[WhiteTitle "GM"]
[WhiteElo "2601"]
[BlackElo "2104"]
[WhiteFideId "14204223"]
[BlackFideId "13781901"]
[EventDate "2023.04.23"]

1. e4 c5 2. Nf3 e6 3. c3 d5 4. exd5 exd5 5. d4 Nc6 6. Bb5 Bd6 7. O-O Ne7 8. dxc5
Bxc5 9. Nbd2 O-O 10. Nb3 Bb6 11. Bd3 h6 12. Re1 Bg4 13. h3 Bh5 14. Be3 a5 15. a4
Bxe3 16. Rxe3 Qb6 17. Bb5 Rad8 18. g4 Bg6 19. Qe2 Nc8 20. Nbd4 Nxd4 21. Nxd4 Nd6
22. Rd1 Qc7 23. Re7 Qb6 24. Qe5 Ne4 25. f3 Ng5 26. Kg2 Rd6 27. Rxb7 Qd8 28. Qe7
Rf6 29. Qxd8 Rxd8 30. h4 Ne6 31. Nc6 Nf4+ 32. Kg3 Rdd6 33. Ne5 Rde6 34. Nd7 1-0

[Event "Kazakhstan Chess Cup 2023"]
[Site "Astana KAZ"]
[Date "2023.04.24"]
[Round "2.11"]
[White "Malygin, Vladislav"]
[Black "Moiseenko, Alexander"]
[Result "0-1"]
[BlackTitle "GM"]
[WhiteElo "2098"]
[BlackElo "2573"]
[WhiteFideId "13720090"]
[BlackFideId "14102560"]
[EventDate "2023.04.23"]

1. d4 Nf6 2. c4 e6 3. Nf3 Bb4+ 4. Bd2 Qe7 5. g3 Nc6 6. Bg2 Bxd2+ 7. Qxd2 Ne4 8.
Qc2 Qb4+ 9. Kf1 d5 10. b3 O-O 11. a3 Qd6 12. e3 a5 13. Nfd2 f5 14. Nc3 b6 15. f4
Ba6 16. Nb5 Bxb5 17. cxb5 Na7 18. Nxe4 dxe4 19. Kf2 Nxb5 20. Rhc1 Nxa3 21. Qxc7
Qb4 22. Qc3 Qxc3 23. Rxc3 b5 24. Rc5 b4 25. Bf1 Rfc8 26. Rac1 Rxc5 27. dxc5 a4
28. Bc4 Nxc4 29. Rxc4 a3 30. Rc1 Kf7 31. c6 Ke7 32. Rd1 Ra7 33. Ke2 Rc7 34. Rc1
Kd6 0-1